000 00431cam a2200169ua 4500
020 _c35.00
041 _aeng
_h
082 _a621.183
_bHIG/BO
100 _aHiggins, Alex .
245 _aBoiler room: Question and answers /
_cAlex Higgins.
_hTextual Documents
260 _aNew York :
_bMcGraw Hill Book Company ,
_c1945.
300 _a139 ; .
365 _a35.00
504 _a
942 _cBK
999 _c11077
_d11077